000 00310nam a2200121Ia 4500
008 230511s1967 xx 000 0 und d
041 _aeng
082 _a348.041
100 _aRatanlal Ranchodas
245 _aBombay Law Journal
260 _aMumbai
_bBombay Law Reporter
_c1967
906 _aHigh Court Cases
999 _c353870
_d353870